Music Quiz

Random Music Quiz

Back for Good - Take That Quiz Stats

Quiz not verified by Sporcle

Also try: Aerosmith Songs
Challenge
Share
Tweet
Embed
Score 0/171 Timer 08:00
1 Play Today
% Correct
I
99.1%
I
99.1%
I
99.1%
I
99.1%
I
99.1%
I
99.1%
I
99.1%
I
99.1%
I
99.1%
for
98.8%
you
98.8%
you
98.8%
for
98.8%
you
98.8%
you
98.8%
for
98.8%
you
98.8%
for
98.8%
me
98.1%
a
98.1%
me,
98.1%
a
98.1%
a
98.1%
me
98.1%
the
98.1%
and
98.1%
and
98.1%
the
98.1%
the
98.1%
the
98.1%
a
98.1%
me.
98.1%
And
98.1%
and
98.1%
it,
97.8%
it
97.8%
it,
97.8%
it,
97.8%
it
97.8%
[Chorus]
97.8%
[Chorus]
97.8%
back
96%
good.
96%
good.
96%
back
96%
good.
96%
be
94.8%
be.
94.8%
be
94.8%
be
94.8%
be,
94.8%
be
94.8%
to
94.7%
to
94.7%
want
94.5%
it's
93.5%
it's
93.5%
% Correct
it's
93.5%
now
93.4%
time,
93.4%
time.
93.4%
now.
93.4%
time
93.4%
now
93.4%
time
93.4%
just
91.2%
just
91.2%
of
91%
of
91%
of
91%
of
91%
of
91%
guess
90.8%
up.
90.8%
guess
90.8%
your
90.5%
your
90.5%
give
90.2%
did
89.7%
Whatever
88.9%
said
88.9%
whatever
88.9%
on
88.7%
mean
88.6%
Got
88.3%
got
88.3%
Got
88.3%
got
88.3%
didn't
87.7%
picture
87.3%
lipstick
86.4%
coffee
86%
cup.
86%
mark
83.8%
so
83.7%
beside
83.5%
still
83.1%
in
82.1%
In
82.1%
in
82.1%
emotion,
78.2%
we
78.2%
we
78.2%
that
77.9%
that
77.9%
tell
77.3%
I'll
77%
dreams.
76%
song
75.4%
sing
75.3%
pure
74.1%
all
74.1%
leave
73.8%
leave
73.8%
% Correct
feel
73.7%
shattered
72.3%
behind
71.8%
I'm
69.9%
right
69.9%
head
69.8%
this,
69.8%
Gotta
69.5%
Gotta
69.5%
wrong
69.4%
my
69.1%
will
68.9%
will
68.9%
fist
67.8%
you'll
66.6%
we'll
66.5%
We'll
66.5%
understood.
65.9%
was
65.8%
forever.
65.8%
forever
65.8%
love,
65.6%
not
65%
together
64.2%
but
64%
But
64%
but
64%
twist
64%
Whenever
63.6%
come
63.3%
never
62.9%
free.
62.7%
again.
61%
inside
60.7%
find
60.1%
is
59.7%
at
59.2%
being
59.2%
Can't
59.1%
room
59.1%
little
59%
mind,
58.4%
our
57.4%
corner
56.2%
wasn't
55.1%
separation,
55.1%
story,
54.6%
glory,
53%
out
52.5%
excelled
52.3%
figured
49.4%
celebrated
49.4%
uncovered
48.8%
complete
48.1%
fighting
42.6%
Unaware
41.9%
underlined,
38.4%

You're not logged in!

Compare scores with friends on all Sporcle quizzes.
Sign Up with Email
OR
Log In

You Might Also Like...

Show Comments

Extras

Top Quizzes Today


Score Distribution

Your Account Isn't Verified!

In order to create a playlist on Sporcle, you need to verify the email address you used during registration. Go to your Sporcle Settings to finish the process.